000 00728nam a22002297a 4500
005 20251108170517.0
008 250721s2001 xx 000 0 ara d
082 1 4 _a327.1/عمر
100 1 _aالعمر، معن خليل
245 1 0 _aقضايا إجتماعية معاصرة /
264 1 _aالعين :
_bدار الكتاب الجامعي،
_c2001.
300 _a386ص
650 1 7 _aالعولمة
650 1 7 _aالإقتصاد
650 1 7 _aالهيكل الإجتماعي
650 1 7 _aالآثار الإجتماعية الإقتصادية
650 1 7 _aالإنسان
650 1 7 _aالبيئة
650 1 7 _aعلم الإجتماع العلاقات الدولية
942 _2ddc
_cBK
999 _c42243
_d42243